00367 2200145 4500001002100000005001500021035002000036245009000056020001600146260002700162990000800189990000800197990000800205990000800213INLIS00000000000262020251204105918 a0010-1225000001 inna No Nihongo I (Edisi 2) Terjemahan & keterangan Tata bahasa versi bahasa indonesia 786025064913 V. Lintas Cipta Pustaka a249 a249 a249 a249